000 00275nam a2200097Ia 4500
008 240331s9999 xx 000 0 und d
082 _bDIS
100 _aUniversity Teachers for Human Rights. ed
245 0 _aDisappearances and accountability :
_bSpecial Report No.12
942 _cL
999 _c2871
_d2871